|
|
|
|
| LEADER |
00000nab a2200000 a 4500 |
| 001 |
vtls000792332 |
| 003 |
SK-MaSNL |
| 005 |
20260303201219.0 |
| 008 |
180206c2002 xo 0 slo |
| 015 |
|
|
|a SNBRB2002/04-14247
|
| 035 |
|
|
|a CLN000143987
|
| 040 |
|
|
|a SNKBUCL
|b slo
|c SNKBUCL
|e AACR2
|
| 041 |
0 |
|
|a slo
|
| 044 |
|
|
|a xo
|c SK
|
| 080 |
|
|
|a 329.051(437.6)SDK
|2 UDC-MRF-SK2
|
| 100 |
1 |
|
|a Čavojec, Jozef
|4 aut
|9 851165
|
| 245 |
1 |
0 |
|a Dohoda sa naplnila, SDK zanikla
|c Jozef Čavojec
|
| 300 |
|
|
|b Fotogr.
|
| 610 |
2 |
7 |
|a Slovenská demokratická koalícia (politická strana)
|2 snkbucl
|9 38262
|
| 650 |
0 |
7 |
|a strany politické vládne
|z Slovensko
|2 snkbucl
|9 839279
|
| 655 |
|
7 |
|a články z novín a časopisov
|2 snkbucl
|9 267496
|
| 773 |
0 |
|
|x 1335-440X
|t Sme
|g Roč. 10, č. 78 (4.4.2002), s. 5
|
| 850 |
|
|
|a Slovenská národná knižnica v Martine
|
| 852 |
|
|
|a SNK
|b KIS3GCP
|
| 958 |
|
|
|a RBX
|
| 999 |
|
|
|c 2172484
|d 2174414
|